| 000 | 00595nam a22001457a 4500 | ||
|---|---|---|---|
| 020 | _a978-1-4169-3524-7 | ||
| 082 |
_a823 _bKEE/N |
||
| 100 | _aKEENE, CAROLYN | ||
| 245 | _aNANCY DREW - TRAILS OF TREACHERY | ||
| 260 |
_aNEW YORK _bALADDIN PAPERBACKS _c2007 |
||
| 300 | _a136 | ||
| 520 | _aNancy and Bess travel to Costa Rica with George as she prepares to participate in La Ruta de los Conquistadores, a 3-day mountain bike race. It soon becomes clear that someone will go to great lengths to make sure top cyclist Derek Woodhall doesn't win. | ||
| 650 |
_aDETECTIVE _zUNITED STATES |
||
| 942 | _cBK | ||
| 999 |
_c7841 _d7841 |
||